Hunger Games Characters-Guess Them All!!! - Statistics

General Stats
  • This quiz has been taken 2,416 times
  • The average score is 13 of 15
Answer Stats
Clue Character % Correct
Main character, female tribute from District 12 in both the 74th and 75th Hunger Games, "girl on fire" Katniss Everdeen
100%
Katniss's best friend and hunting partner Gale Hawthorne
99%
Male tribute from District Twelve in both the 74th and 75th Hunger Games, "boy with the bread" Peeta Mellark
99%
Little sister of Katniss, was volunteered for by Katniss at the Reaping Primrose Everdeen (Prim)
99%
Twelve-year-old that first forms and alliance with Katniss Rue
98%
President of the Capitol, Katniss's sworn enemy Coriolanus Snow
96%
Mentor to Katniss and Peeta, victor of the 50th Hunger Games Haymitch Abernathy
96%
Attractive male tribute from District 4, allies with Katniss and Peeta Finnick Odair
94%
Cheery escort of the District 12 tributes to the Hunger Games Effie Trinket
93%
Violent tribute from District 2, one of the final three tributes at the end Cato
91%
President of District 13, had frequent areguments with Katniss Alma Coin
90%
Finnick's fiance/wife, mad girl from District 4 Annie Cresta
90%
Big, strong male tribute from District 11 Thresh
88%
Coin's second in command, leader of the "Star Squad" Boggs
59%
Director of Katniss's camera crew Cressida
45%
No matching quizzes found
Score Distribution
Percent of People with Each Score
Percentile by Number Answered
Your Score History
You have not taken this quiz